Mexico : Selected Issues.

This Selected Issues paper analyzes transmission of monetary policy rates to lending and deposit rates in Mexico. The results show that transmission of the policy rate to market rates is statistically significant in all cases, except for mortgage rates. For sight deposits, pass-through is low, with...

Fuld beskrivelse

Bibliografiske detaljer
Institution som forfatter: International Monetary Fund. Western Hemisphere Dept
Format: Tidsskrift
Sprog:English
Udgivet: Washington, D.C. : International Monetary Fund, 2016.
Serier:IMF Staff Country Reports; Country Report ; No. 2016/360
Online adgang:Full text available on IMF
LEADER 01767cas a2200241 a 4500
001 AALejournalIMF017252
008 230101c9999 xx r poo 0 0eng d
020 |c 5.00 USD 
020 |z 9781475556032 
022 |a 1934-7685 
040 |a BD-DhAAL  |c BD-DhAAL 
110 2 |a International Monetary Fund.  |b Western Hemisphere Dept. 
245 1 0 |a Mexico :   |b Selected Issues. 
264 1 |a Washington, D.C. :  |b International Monetary Fund,  |c 2016. 
300 |a 1 online resource (37 pages) 
490 1 |a IMF Staff Country Reports 
500 |a <strong>Off-Campus Access:</strong> No User ID or Password Required 
500 |a <strong>On-Campus Access:</strong> No User ID or Password Required 
506 |a Electronic access restricted to authorized BRAC University faculty, staff and students 
520 3 |a This Selected Issues paper analyzes transmission of monetary policy rates to lending and deposit rates in Mexico. The results show that transmission of the policy rate to market rates is statistically significant in all cases, except for mortgage rates. For sight deposits, pass-through is low, with a 1 percentage point increase in the policy rate leading to a 0.2 percentage point rise in the deposit rate. For term deposits the pass-through is stronger, but remains below unity at 0.7. The pass-through to both lending and deposit rates is very rapid. The dynamic specifications show that pass-through is significant in either the current or the following month, and the long-term impact is achieved during the second month. 
538 |a Mode of access: Internet 
830 0 |a IMF Staff Country Reports; Country Report ;  |v No. 2016/360 
856 4 0 |z Full text available on IMF  |u http://elibrary.imf.org/view/journals/002/2016/360/002.2016.issue-360-en.xml  |z IMF e-Library